Estadísticas para Ciudades en películas

Haz click aquí para intentar la prueba.

Estadísticas generales

  • Esta prueba ha sido intentada 122 veces
  • La puntuación promedio es 21 de 40

Estadísticas de respuestas

HintRespuesta% Correcto
Ratatouille (2007)París
96%
Taxi Driver (1976)Nueva York
93%
Notting Hill (1999)Londres
90%
La La Land (2016)Los Ángeles
90%
Mujeres al borde de un ataque de nervios (1988)Madrid
87%
Lost in Translation (2003)Tokio
87%
The Lizzie McGuire Movie (2003)Roma
86%
Good Bye Lenin! (2003)Berlín
82%
El Último Emperador (1987)Pekín
77%
Casablanca (1942)Casablanca
70%
Ciudad de Dios (2002)Río de Janeiro
68%
Parasite (2019)Seúl
66%
The Sting (1973)Chicago
65%
Todos los hombres del presidente (1976)Washington D.C.
63%
Scarface (1983)Miami
61%
Roma (2018)Ciudad de México
58%
Buscando a Nemo (2003)Sídney
58%
El pianista (2002)Varsovia
58%
The Cheetah Girls 2 (2006)Barcelona
57%
The Hangover (2009)Las Vegas
57%
Happy Together (1997)Buenos Aires
49%
Zodíaco (2007)San Francisco
45%
Sing Street (2016)Dublín
43%
Anna Karenina (2012)San Petersburgo
41%
Slumdog Millionaire (2008)Bombay
40%
Rocky (1976)Filadelfia
40%
Bajo la misma estrella (2014)Ámsterdam
38%
Spotlight (2015)Boston
38%
Expreso de Medianoche (1978)Estambul
38%
Fue la mano de Dios (2021)Nápoles
38%
Trainspotting (1996)Edimburgo
37%
El imperio del sol (1987)Shanghái
31%
Argo (2012)Teherán
29%
Antes del amanecer (1995)Viena
29%
Misión: Imposible (1996)Praga
23%
Fallen Angels (1995)Hong Kong
21%
Crazy Rich Asians (2018)Singapur
16%
Lady Bird (2017)Sacramento
15%
Distrito 9 (2009)Johannesburgo
13%
Underground (1995)Belgrado
7%

Distribución de puntuación

Porcentaje por número respondido

Porcentaje de gente con cada puntuación

Historial de tus puntuaciones

No has intentado esta prueba.